| 000 | 00685nam a2200217Ia 4500 | ||
|---|---|---|---|
| 003 | GCL | ||
| 008 | 140319s9999 xx 000 0 ara d | ||
| 040 |
_aGCL / _cGCL |
||
| 082 | 0 | 4 |
_a322.4 _bح ا |
| 100 | 1 | _aحسنين كروم | |
| 245 | 1 | 0 |
_aالاخوان المسلمون والصلح مع اسرائيل / _cحسنين كروم |
| 260 |
_a[S.N] : _bشركة نادركو للطباعة والنشر ، _c1982 |
||
| 300 | _a207 ص | ||
| 490 | _a | ||
| 650 | 0 | 4 | _aمصر |
| 650 | 0 | 4 | _aالاحوال السياسية |
| 650 | 0 | 4 | _aالنزاع العربى الاسرائيلى |
| 650 | 0 | 4 | _aالسياسة |
| 650 | 0 | 4 | _aالاخوان المسلمون |
| 942 |
_2ddc _cBK |
||
| 999 |
_c55266 _d55266 |
||